Look & Say What You See In Countryside / (Record no. 48022)
| 000 -LEADER | |
|---|---|
| fixed length control field | 00328nam a2200109 4500 |
| 020 ## - INTERNATIONAL STANDARD BOOK NUMBER | |
| International Standard Book Number | 9780857636171 |
| 100 ## - MAIN ENTRY--PERSONAL NAME | |
| Personal name | Braun, Sebastien, |
| Relator term | author. |
| 9 (RLIN) | 85819 |
| 245 ## - TITLE STATEMENT | |
| Title | Look & Say What You See In Countryside / |
| Statement of responsibility, etc | by Sebastien Braun. |
| 260 ## - PUBLICATION, DISTRIBUTION, ETC. (IMPRINT) | |
| Place of publication, distribution, etc | London : |
| Name of publisher, distributor, etc | Nosy Crow ; |
| Date of publication, distribution, etc | 2016. |
| 300 ## - PHYSICAL DESCRIPTION | |
| Dimensions | 9.06 x 0.24 x 11.42 inches. |
| 942 ## - ADDED ENTRY ELEMENTS (KOHA) | |
| Source of classification or shelving scheme | |
| Koha item type | Book |
| Withdrawn status | Lost status | Source of classification or shelving scheme | Damaged status | Not for loan | Home library | Current library | Date acquired | Total Checkouts | Full call number | Barcode | Date last seen | Date checked out | Price effective from | Koha item type |
|---|---|---|---|---|---|---|---|---|---|---|---|---|---|---|
| Logos International School | Logos International School | 12/02/2024 | 1 | J 333.75 BRA | 040212 | 01/22/2025 | 01/15/2025 | 12/02/2024 | Book |